[Event "Singapore 9th"]
[Site "Singapore"]
[Date "2009.06.23"]
[Round "5"]
[White "Fernandez, Daniel Howard"]
[Black "Gyozalyan, Tigran"]
[Result "1/2-1/2"]
[WhiteElo "2171"]
[BlackElo "2267"]
[PlyCount "120"]
[EventDate "2009.06.21"]
[EventType "tourn"]
[EventRounds "11"]
[EventCountry "SIN"]
[EventCategory "2"]
[SourceTitle "CBM 131 Extra"]
[Source "ChessBase"]
[SourceDate "2009.09.03"]
[SourceVersion "2"]
[SourceVersionDate "2009.09.16"]
[SourceQuality "1"]

1. b3 e5 2. Bb2 Nc6 3. c4 Nf6 4. e3 d5 5. cxd5 Nxd5 6. d3 Bc5 7. Nf3 0-0 8. Nbd2 Re8 9. Qc2 Bxe3 10. fxe3 Nxe3 11. Qc3 Nd4 12. Kf2 Nd5 13. Qc1 Bf5 14. Bxd4 exd4 15. Qc5 b6 16. Qxd4 c5 17. Qh4 Qd7 18. Be2 Nb4 19. Rhd1 Nxd3+ 20. Bxd3 Qxd3 21. Re1 h6 22. Qc4 Qd6 23. Rad1 Rxe1 24. Rxe1 Rd8 25. Qc3 Qc6 26. Nc4 Be6 27. Ne3 a5 28. Rd1 Rxd1 29. Nxd1 Qe4 30. Qe5 Qc2+ 31. Qe2 Qc1 32. Qd2 Qa3 33. Nc3 c4 34. bxc4 Bxc4 35. Kg3 b5 36. Qd4 Bxa2 37. Nxb5 Qe7 38. Qd2 Qb4 39. Qxb4 axb4 40. Nd2 Kf8 41. Nd4 Bd5 42. Nc2 b3 43. Ne3 Be6 44. Kf4 Ke7 45. Ke5 f6+ 46. Kd4 Kd6 47. g3 h5 48. Nd1 Kc6 49. Kc3 Kc5 50. Nf2 Bf7 51. h4 b2 52. Nd3+ Kd5 53. Nxb2 Ke5 54. Nd3+ Kf5 55. Kd4 Kg4 56. Nf1 Kf3 57. Nc5 Kf2 58. Ne3 Kxg3 59. Nf5+ Kg4 60. Nxg7 Kxh4 1/2-1/2

[Event "Singapore 9th"]
[Site "Singapore"]
[Date "2009.06.23"]
[Round "6"]
[White "Gyozalyan, Tigran"]
[Black "Nguyen Thi Mai, Hung"]
[Result "1/2-1/2"]
[WhiteElo "2267"]
[BlackElo "2295"]
[PlyCount "49"]
[EventDate "2009.06.21"]
[EventType "tourn"]
[EventRounds "11"]
[EventCountry "SIN"]
[EventCategory "2"]
[SourceTitle "CBM 131 Extra"]
[Source "ChessBase"]
[SourceDate "2009.09.03"]
[SourceVersion "2"]
[SourceVersionDate "2009.09.16"]
[SourceQuality "1"]

1. d4 d5 2. c4 e6 3. Nc3 c6 4. cxd5 exd5 5. Qc2 Nf6 6. Bg5 Be7 7. e3 Nbd7 8. Bd3 0-0 9. Nf3 Re8 10. 0-0 Nf8 11. Rae1 Ne4 12. Bxe7 Qxe7 13. Bxe4 dxe4 14. Nd2 f5 15. f3 exf3 16. Nxf3 Ng6 17. e4 fxe4 18. Rxe4 Be6 19. Rfe1 Qd7 20. Qe2 Bf7 21. Ne5 Nxe5 22. dxe5 Re6 23. Nd1 Rae8 24. a3 Rg6 25. Nc3 1/2-1/2

[Event "Singapore 9th"]
[Site "Singapore"]
[Date "2009.06.21"]
[Round "2"]
[White "Gyozalyan, Tigran"]
[Black "Paciencia, Enrique Rivas"]
[Result "1/2-1/2"]
[WhiteElo "2267"]
[BlackElo "2422"]
[PlyCount "95"]
[EventDate "2009.06.21"]
[EventType "tourn"]
[EventRounds "11"]
[EventCountry "SIN"]
[EventCategory "2"]
[SourceTitle "CBM 131 Extra"]
[Source "ChessBase"]
[SourceDate "2009.09.03"]
[SourceVersion "2"]
[SourceVersionDate "2009.09.16"]
[SourceQuality "1"]

1. d4 Nf6 2. c4 e6 3. Nf3 c5 4. e3 cxd4 5. exd4 d5 6. Nc3 Be7 7. Bd3 dxc4 8. Bxc4 Nc6 9. 0-0 0-0 10. Re1 b6 11. a3 Bb7 12. Bd3 Rc8 13. Bc2 Qd7 14. Qd3 Rfd8 15. d5 exd5 16. Bg5 Kf8 17. Bxf6 Bxf6 18. Qxh7 g6 19. Ng5 Nd4 20. Ba4 Bc6 21. Qh4 Bg7 22. Nh7+ Kg8 23. Nf6+ Bxf6 24. Qxf6 Nf5 25. Bb3 Qd6 26. Qxd6 Rxd6 27. Rad1 Rcd8 28. Rd2 Kg7 29. Red1 d4 30. Ne2 Bb5 31. Ng3 Nxg3 32. hxg3 a5 33. Bc2 Kf6 34. Bd3 Bxd3 35. Rxd3 a4 36. Kf1 Rd5 37. R1d2 R8d6 38. Ke2 Ke6 39. g4 Rd7 40. Kf3 Ke5 41. Re2+ Kd6 42. Rc2 Ke5 43. Re2+ Kf6 44. Red2 R5d6 45. Ke4 Re6+ 46. Kf4 g5+ 47. Kf3 Red6 48. Ke4 1/2-1/2

[Event "Leningrad op"]
[Site "Leningrad"]
[Date "1990.??.??"]
[Round "?"]
[White "Shushpanov, Vladimir Fedorovich"]
[Black "Gyozalyan, Tigran"]
[Result "1/2-1/2"]
[WhiteElo "2240"]
[BlackElo "2360"]
[PlyCount "114"]
[EventDate "1990.??.??"]
[EventType "swiss"]
[EventRounds "11"]
[EventCountry "URS"]
[SourceTitle "CBM 018 Extra"]
[Source "ChessBase"]
[SourceDate "1990.11.01"]
[SourceVersion "1"]
[SourceVersionDate "1990.11.01"]
[SourceQuality "1"]

1. d4 d5 2. Nf3 Nf6 3. Bg5 Ne4 4. Bh4 c5 5. dxc5 Qa5+ 6. Nbd2 Nc6 7. e3 Bg4 8. Be2 e6 9. 0-0 Bxf3 10. Nxf3 Qxc5 11. c4 dxc4 12. Rc1 b5 13. b3 Rc8 14. Bxc4 bxc4 15. Rxc4 Qd5 16. Qc2 Nc5 17. b4 Na6 18. Rd1 Naxb4 19. Rxd5 Nxc2 20. Rxc6 Rb8 21. Rd1 Nb4 22. Rc7 Nd5 23. Rxa7 Bc5 24. Ra5 Bb4 25. Ra6 0-0 26. Ne5 Ra8 27. Rxa8 Rxa8 28. g4 f6 29. Nc6 Bf8 30. Nd4 e5 31. Ne6 Nc3 32. Rd7 Nxa2 33. g5 f5 34. Bg3 Re8 35. Nxf8 Kxf8 36. Rd5 Nc3 37. Rxe5 Rxe5 38. Bxe5 Ne4 39. h4 Kf7 40. f3 Nc5 41. Bd6 Ne6 42. Kf2 Kg6 43. Kg3 h6 44. gxh6 Kxh6 45. Be7 Kh5 46. Kf2 Kg6 47. Ke2 Kf7 48. Bg5 Kg6 49. Be7 Kf7 50. Bd6 g5 51. h5 Kg7 52. Kd3 Kh6 53. Kc4 Kxh5 54. Kd5 Nd8 55. e4 fxe4 56. fxe4 Kg6 57. Bc7 Nf7 1/2-1/2

[Event "Leningrad op"]
[Site "Leningrad"]
[Date "1990.??.??"]
[Round "?"]
[White "Solozhenkin, Evgeniy"]
[Black "Gyozalyan, Tigran"]
[Result "1-0"]
[WhiteElo "2420"]
[BlackElo "2360"]
[PlyCount "69"]
[EventDate "1990.??.??"]
[EventType "swiss"]
[EventRounds "11"]
[EventCountry "URS"]
[SourceTitle "CBM 018 Extra"]
[Source "ChessBase"]
[SourceDate "1990.11.01"]
[SourceVersion "1"]
[SourceVersionDate "1990.11.01"]
[SourceQuality "1"]

1. d4 Nf6 2. c4 e6 3. Nf3 Bb4+ 4. Nbd2 0-0 5. a3 Be7 6. e4 d5 7. cxd5 exd5 8. e5 Ne4 9. Qc2 f5 10. exf6 Nxf6 11. Bd3 Nc6 12. 0-0 Bd6 13. b4 a6 14. Bb2 Qe8 15. Rfe1 Qh5 16. Nf1 Bd7 17. Ng3 Bxg3 18. fxg3 Rae8 19. Ne5 Nxe5 20. Rxe5 Rxe5 21. dxe5 Ng4 22. h3 Nf2 23. Bf1 c6 24. Bd4 Ne4 25. g4 Qh4 26. Bd3 Qg3 27. Bxe4 dxe4 28. Qc4+ Kh8 29. e6 Be8 30. Qc5 Rg8 31. Rf1 Qc7 32. e7 h6 33. Rf8 Kh7 34. Qf5+ Bg6 35. Qxg6+ 1-0